University Home | Library Home | Institutional Repository

Flora of Dominica. (Record no. 109515)

MARC details
000 -LEADER
fixed length control field 01295cam7a220030101 4500
001 - CONTROL NUMBER
control field lce02452422
005 - DATE AND TIME OF LATEST TRANSACTION
control field 20190819114858.0
008 - FIXED-LENGTH DATA ELEMENTS--GENERAL INFORMATION
fixed length control field 901003s1991 dcu b f001 0 eng
010 ## - LIBRARY OF CONGRESS CONTROL NUMBER
LC control number 90010415
035 ## - SYSTEM CONTROL NUMBER
System control number (Sirsi) r91751
035 ## - SYSTEM CONTROL NUMBER
System control number (DLC) 90010415
035 ## - SYSTEM CONTROL NUMBER
System control number (UPRA)lce02452422
040 ## - CATALOGING SOURCE
Original cataloging agency DLC
Transcribing agency DLC
Modifying agency DLC
043 ## - GEOGRAPHIC AREA CODE
Geographic area code nwdq---
050 00 - LIBRARY OF CONGRESS CALL NUMBER
Classification number QK1
Item number .S2747 no. 77
Classification number QK231.D59
082 00 - DEWEY DECIMAL CLASSIFICATION NUMBER
Classification number 581 s
-- 583/.09729841
Edition number 20
086 0# - GOVERNMENT DOCUMENT CLASSIFICATION NUMBER
Classification number SI 1.29:77
100 1# - MAIN ENTRY--PERSONAL NAME
Personal name Nicolson, Dan H. (Dan Henry), 1933-
Fuller form of name Nicolson, Dan H. (Dan Henry), 1933-
Dates associated with a name Nicolson, Dan H. (Dan Henry), 1933-
Linkage A50749.1
245 10 - TITLE STATEMENT
Title Flora of Dominica.
Number of part/section of a work Part 2, Dicotyledoneae /
Name of part/section of a work Part 2, Dicotyledoneae /
Statement of responsibility, etc. Dan H. Nicolson, with Robert A. DeFilipps, Alice C. Nicolson, and others.
260 ## - PUBLICATION, DISTRIBUTION, ETC.
Place of publication, distribution, etc. Washington, D.C. :
Name of publisher, distributor, etc. Smithsonian Institution Press,
Date of publication, distribution, etc. 1991.
440 #0 - SERIES STATEMENT/ADDED ENTRY--TITLE
Title Smithsonian contributions to botany ;
Volume/sequential designation no. 77
Linkage S1367.1
500 ## - GENERAL NOTE
General note Pt. 1: Flora of Dominica, B.W.I., part 1 / W.H. Hodge, published in Lloydia, 1954.
504 ## - BIBLIOGRAPHY, ETC. NOTE
Bibliography, etc. note Includes bibliographical references (p. 230-249) and index.
650 #0 - SUBJECT ADDED ENTRY--TOPICAL TERM
Topical term or geographic name entry element Dicotyledons -- Dominica.
Geographic subdivision Dicotyledons -- Dominica.
Linkage S39673.1
650 #0 - SUBJECT ADDED ENTRY--TOPICAL TERM
Topical term or geographic name entry element Botany -- Dominica.
Geographic subdivision Botany -- Dominica.
Linkage S39674.1
949 ## - LOCAL PROCESSING INFORMATION (OCLC)
a QK1
w lcc
i -128893
m MAIN
t BOOK
l ON-SHELF

No items available.

© 2026 - The University of Zambia Library - Koha v25.11